000 00307nam a22001337a 4500
008 190304b xxu||||| |||| 00| 0 eng d
020 _a0070072418
041 _aeng
080 _a574
100 _a10
101 _aMJE
245 _aIntroduction to Agricultural Marketing
_cBranson.R.E
942 _2udc
_cBK
999 _c54415
_d54415